000 00475nam a2200193 4500
003 LK-CoMWRAF
005 20230904222930.0
008 230904b1977 |||||||| |||| 00| 0 eng d
020 _a0584106793
040 _aLK-CoMWRAF
_dLK-CoMWRAF
_eLK-CoMWRAF
041 _aeng
082 _a823
_bSTR
100 _astrong, patience
245 _aThe Lamp of cheerfulness
260 _aLondon :
_bPatience strong
_c1977
300 _a32p
650 _aEnglish Fiction
942 _cBK
999 _c3397
_d3397